000 01608cam a2200205 4500
001 X105452
008 000000n2000 000 0 eng u
035 _a(Sirsi) u105452
245 _aBlyth Valley BC and Kwik Fit Properties Ltd
260 _c2000
490 _aPlanning Appeal Decisions
_v15 PAD 230-238(9)
520 _aT/APP/N2915/A/991022018/P4. Motorist centre-sale and fitting of tyres, exhausts, brakes and other fast-fit motorist repairs including MOT facilities-Tree Preseration Order-visual amentiy of are-impact on highway safety-amentities of neighbours-noise and ditsturbance levels below background traffic levels-structure and local plans-PPGs1,13 and 24-heavily-trafficked urban A road-30 mph limit-resiential,open space, nursing home and supermarket nearby-derelict public house on site-prominent location-intended functional industrial B2 building-well screened by exisiting trees-satisfactory access and parking-not significant adverse effect on highway safety-conditions. Costs-Council took decision contrararyto officers' professional advice-all concerns could be addressed by conditions-visual impact-extended access spaly-not noise problem if condition imposed-no evidence to show why local opposition should take precedence ober professional advice-costs awarded. (Headnote from journal article)
650 _aMOTORIST CENTRES
650 _aBLYTH VALLEY BC V KWIK FIT PROPERTIES LTD
650 _aNOISE
650 _aPLANNING APPEAL
650 _aTREE PRESERVATION ORDERS (TPOs)
690 _aENVIRONMENTAL AND LAND CONSULTANCY-PLANNING AND DEVELOPMENT
942 _n0
999 _c100399
_d100399